Využitie výnosových metód pre stanovenie hodnoty ochrannej známky

Definícia ochrannej známky. Postupy ohodnocovania ochrannej známky. Rozhodujúce faktory pri ohodnocovaní ochrannej známky. Problémy pri ohodnotení ochrannej známky: použitie vhodnej metódy, stanovenie správnej výšky licenčného poplatku, prognóza tržieb do budúcnosti, stanovenie koeficientu miery kap...

Ausführliche Beschreibung

Gespeichert in:
Bibliographische Detailangaben
1. Verfasser: Kardoš, Peter
Format: Buchkapitel
Sprache:Slowakisch
Schlagworte:
Tags: Tag hinzufügen
Keine Tags, Fügen Sie das erste Tag hinzu!

MARC

LEADER 00000naa$a2200000$$$4500
001 0054755
005 20240502083137.6
041 0 |a slo 
044 |a CZ 
245 1 0 |a Využitie výnosových metód pre stanovenie hodnoty ochrannej známky  |c Peter Kardoš 
520 |a Definícia ochrannej známky. Postupy ohodnocovania ochrannej známky. Rozhodujúce faktory pri ohodnocovaní ochrannej známky. Problémy pri ohodnotení ochrannej známky: použitie vhodnej metódy, stanovenie správnej výšky licenčného poplatku, prognóza tržieb do budúcnosti, stanovenie koeficientu miery kapitalizácie, resp. diskontnej sadzby. 
610 2 0 |a známky ochranné 
610 2 0 |a vlastníctvo priemyselné 
610 2 0 |a hodnota 
610 2 0 |a výnosy 
610 2 0 |a náklady 
610 2 0 |a poplatky 
610 2 0 |a licencie 
610 2 0 |a tržby 
610 2 0 |a sadzby diskontné 
610 2 0 |a znalci 
100 1 |a Kardoš, Peter